000 00888nam a2200217 i 4500
001 124981
003 ES-MaACL
005 20230906192530.0
007 t|
008 070425s1936 sp ||||1| spa d
110 2 _aInstituto Nacional de Previsión (España)
_95180
245 1 0 _aUn laboratorio social: el Coto Escolar de Previsión de Ollávarre (Alava) /
_cInstituto Nacional de Previsión.
260 _a[Madrid :
_bs.n.,
_c1936] (
_fOficina Tipográfica del Instituto Nacional de Previsión)
300 _a8 p. ;
_c22 cm.
490 1 _aPublicaciones del Instituto Nacional de Previsión ;
_v526
500 _aPrecede al tít.: Comisión de Cotos Sociales de Previsión.
710 2 _aComisión de Cotos Sociales de Previsión.
_93011
830 0 _aPublicaciones del Instituto Nacional de Previsión ;
_v526
_9181151
852 _aES-MaACL
_jC-12638(12)
999 _c124981
_d124981